Computer Knowledge for the CWE-Clerical Cadre/ (Record no. 77081)

MARC details
000 -LEADER
fixed length control field 00603nam a22001817a 4500
005 - DATE AND TIME OF LATEST TRANSACTION
control field 20130701125058.0
010 ## - LCCN (DPL NO)
LC control number B-508954-955
020 ## - INTERNATIONAL STANDARD BOOK NUMBER
International Standard Book Number 9788131784792
Terms of availability 225.00
035 ## - SYSTEM CONTROL NUMBER
System control number B-508954-955
037 ## - SOURCE OF ACQUISITION
Stock number dpl
Source of stock number/acquisition KBD/Ven
082 ## - DEWEY DECIMAL CLASSIFICATION NUMBER
Classification number 004
245 ## - TITLE STATEMENT
Title Computer Knowledge for the CWE-Clerical Cadre/
260 ## - PUBLICATION, DISTRIBUTION, ETC. (IMPRINT)
Place of publication, distribution, etc New Delhi
Name of publisher, distributor, etc Pearson
Date of publication, distribution, etc 2012
270 ## - ADDRESS
Address 11 Commu8nity Centre, Panchsheel Park
City New Delhi
Postal code 110017
300 ## - PHYSICAL DESCRIPTION
Extent Various pages
Dimensions 23cm(pbk)
942 ## - ADDED ENTRY ELEMENTS (KOHA)
Source of classification or shelving scheme Dewey Decimal Classification
Item type English Books
Classification part 004
Call number suffix COM
Holdings
Withdrawn status Lost status Not for loan Collection code Home library Current library Date acquired Source of acquisition Cost, normal purchase price Full call number Barcode Copy number Cost, replacement price Koha item type
      Non-fiction Sarojini Nagar Sarojini Nagar 01/07/2013 KBD/BL20/19.03.2013/171/08.01.2013/22.3.2013 225.00 004 COM B-508954 1 225.00 English Books
    Not For Loan Non-fiction South Zone Lib (REF) South Zone Lib (REF) 01/07/2013 KBD/BL20/19.03.2013/171/08.01.2013/22.3.2013 225.00 004 COM B-508955 1 225.00 English Books

© Delhi Public Library
Hit Counter
free hit counter